| 000 | 00493nam a2200181Ia 4500 | ||
|---|---|---|---|
| 999 |
_c27931 _d27931 |
||
| 003 | OSt | ||
| 005 | 20201127145812.0 | ||
| 008 | 190216s9999||||xx |||||||||||||| ||und|| | ||
| 020 | _a81713039247 | ||
| 040 | _coclc | ||
| 082 |
_a920 _bASH/V |
||
| 100 |
_aAshraf, E M _96701 |
||
| 245 | 0 |
_aVaikom Muhammad Basheer / _cE M Ashraf |
|
| 260 |
_bDc Books, _a Kottayam; _c1994. |
||
| 300 | _a151p | ||
| 650 | _aJeeva Charithram | ||
| 942 |
_cBK _2ddc _h920 _iASH/V _k920 _mASH/V |
||